| 000 | 00504 a2200217 4500 | ||
|---|---|---|---|
| 245 | _aLa comptabilité générale par les exercices | ||
| 300 | _a250 p. | ||
| 650 | _aComptabilité : exercices | ||
| 260 | _c1991 | ||
| 300 | _b28cm | ||
| 100 | _lFr | ||
| 630 | _a657 - Comptabilité | ||
| 037 | _aDE 4572 | ||
| 037 | _b1, Achat | ||
| 650 | _a6 - SCIENCES APPLIQUEES | ||
| 250 | _a2e éd. | ||
| 100 | _aTadde, Babalola Ismaël | ||
| 700 | _aAhouadi, Jean-Marie | ||
| 999 |
_c42135 _d42135 |
||